[Event "GER-chT U14 Girls"]
[Site "Neumuenster"]
[Date "2019.12.30"]
[Round "7.5"]
[White "Winkler, Sarah"]
[Black "Muhina, Liana"]
[Result "1-0"]
[WhiteElo "1307"]
[BlackElo "1272"]
[PlyCount "117"]
[EventDate "2019.12.27"]
[EventType "team-swiss"]
[EventRounds "7"]
[EventCountry "GER"]
[SourceTitle "CBM 194 Extra"]
[Source "ChessBase"]
[SourceDate "2020.03.31"]
[SourceVersion "1"]
[SourceVersionDate "2020.03.31"]
[SourceQuality "1"]
[WhiteTeam "Muenchen Tarrasch"]
[BlackTeam "Garching"]
[WhiteTeamCountry "GER"]
[BlackTeamCountry "GER"]

1. e4 d5 2. exd5 Qxd5 3. Nc3 Qa5 4. d4 Nf6 5. Bd2 c6 6. h3 Bf5 7. Nf3 e6 8. Ne2 Qc7 9. Ng3 Bg6 10. Nh4 Bd6 11. Nxg6 hxg6 12. Qf3 Nbd7 13. Ne4 Nxe4 14. Qxe4 Nf6 15. Qf3 Qb6 16. Bc3 Bb4 17. Rb1 Bxc3+ 18. Qxc3 Nd5 19. Qd2 Qb4 20. Qxb4 Nxb4 21. c3 Nd5 22. Bc4 0-0-0 23. 0-0 Rhe8 24. Rfe1 Kc7 25. Re5 b6 26. Rbe1 b5 27. Bxd5 Rxd5 28. Rxd5 cxd5 29. b3 Kd6 30. f3 Rc8 31. Rc1 a6 32. Kf2 a5 33. Ke3 Kd7 34. Kf4 f6 35. h4 Ke7 36. g4 Kd6 37. Ke3 e5 38. Kd3 f5 39. dxe5+ Kxe5 40. Ke3 f4+ 41. Kd3 b4 42. c4 dxc4+ 43. bxc4 Rd8+ 44. Kc2 Rc8 45. Kb3 Kd4 46. Re1 Kd3 47. Re4 a4+ 48. Kxb4 Rb8+ 49. Kxa4 Ra8+ 50. Kb4 Rb8+ 51. Ka5 Ra8+ 52. Kb6 Rxa2 53. Rxf4 Ke3 54. Rf7 Rb2+ 55. Kc5 Ra2 56. Rxg7 Ra5+ 57. Kb4 Ra8 58. Rxg6 Kxf3 59. h5 1-0